| 000 | 00862nam a2200241 a 4500 | ||
|---|---|---|---|
| 005 | 20200104041523.0 | ||
| 008 | 140120b1996 ck ||||| |||| 00| 0 spa d | ||
| 041 | _aspa | ||
| 044 | _ack | ||
| 090 |
_aIAvH _b00016 |
||
| 111 |
_aForo Latinoamericano de Biodiversidad _cSanta Marta _d96 _94136 |
||
| 245 |
_aForo latinoamericano de biodiversidad _bresumen de memorias |
||
| 260 |
_aSanta Marta _bInstituto Alexander von Humboldt _bUICN _bInstituto de Recursos Mundiales _bPNUM _bJohn D. and Catherine T. Mac Arthur Foundation _c1996 |
||
| 300 | _a12 p. | ||
| 650 |
_aBiodiversidad _992204 |
||
| 650 |
_aUso sostenible _9344 |
||
| 650 |
_aConservación de biodiversidad _9345 |
||
| 650 |
_aAcceso a recursos genéticos _94137 |
||
| 650 |
_aPolítica ambiental _9176 |
||
| 650 |
_aConocimiento tradicional _992244 |
||
| 662 | _cAmérica Latina | ||
| 942 |
_cCD-ROM _2ddc |
||
| 999 |
_c1655 _d1655 |
||